000 03352nam a22003257a 4500
003 OSt
005 20240731114950.0
007 cr |||||||a||a
008 240729s2021 mx adb|fom||| 001 0 spa d
040 _erda
100 1 _aGarcía González, Ivonne
_9189301
245 1 0 _aAnálisis retrospectivo de la acarología en México, basado en tesis /
_cpor Ivonne García González; presidente Ma. del Carmen Sánchez Gálvez; secretario Hugo Enrique González García; vocal José Sergio Sandoval Islas; suplente Calixto Leopoldo Carrillo Fonseca; suplente Roney Solano Vidal
264 1 _aChapingo, México :
_bEl autor,
_c2021.
300 _a1 recurso en línea (165 páginas):
_bilustraciones, cuadros, gráficas,
336 _2rdacontent
_atexto
_btxt
337 _2rdamedia
_acomputadora
_bc
338 _2rdacarrier
_arecurso en línea
_bcr
502 _bIAEPA
_cParasitología
_d2021
_gLIC
504 _aIncluye referencias bibliográficas: páginas 28-73
520 _aEsta tesis fue escrita con la idea de agrupar y analizar en una sola publicación, las tesis generadas en México durante el periodo 1940-2020. Se realizó una búsqueda exhaustiva en la WEB y en diferentes bibliotecas de las Universidades más prestigiadas de México. Nuestros resultados indicaron que el estudio de la acarología en México ha sido determinado de acuerdo a su importancia económica, pues la mayor parte de ácaros investigados son de hábitos parásitos, aunque también se conocen muchos fitófagos, comensales y de vida libre que pueden ser acuáticos o terrestres y con diferentes hábitos alimenticios como lo son saprófagos, depredadores, micófagos, entre otros. Se ha logrado un avance en el conocimiento de ácaros plumícolas, acuáticos, del suelo, foréticos, pero sobre todo con los fitófagos que causan gran impacto en la agricultura del país. La Universidad Autónoma Chapingo, el Colegio de Postgraduados y la Universidad Autónoma Agraria Antonio Narro son las instituciones que lideran el estudio de los ácaros de importancia agrícola. Por otro lado, el Instituto Politécnico Nacional y la Universidad Nacional Autónoma de México, adquieren relevancia, en cuanto a los ácaros de importancia médica y biológica. Con esta investigación se pretende dar a conocer el avance del estudio de estos artrópodos en el país, debido a que por su tamaño muchos de ellos pasan desapercibidos cuando no causan daños al hombre, aunado a que existen pocos profesionales en el país, dedicados al estudio de ácaros fitófagos, los cuales cada día representan uno de los mayores problemas en la producción agrícola, sobre todo en la agricultura protegida, agricultura convencional y en el comercio internacional.
650 7 _aÁcaros
_xIdentificación
_982380
650 4 _aÁcaros
_xImpacto económico
_zMéxico
_9189303
700 1 _aSánchez Gálvez, Ma. del Carmen
_9164748
_epresidente
700 1 _aGonzález García, Hugo Enrique
_9130834
_esecretario
700 1 _aSandoval Islas, José Sergio
_9102138
_evocal
700 1 _aCarrillo Fonseca, Calixto Leopoldo
_919482
_esuplente
700 1 _aSolano Vidal, Roney
_9189248
_esuplente
856 _uhttp://10.13.5.2/tesis/tl/2021_PA_Garcia_Gonzalez_Ivonne.pdf
_zDESCARGAR PDF
942 _2Clasificación Universidad Autónoma Chapingo
_cTD
999 _c220031
_d220031